Intermediate Microeconomics (Record no. 346093)
[ view plain ]
| 000 -LEADER | |
|---|---|
| fixed length control field | 00344 a2200145 4500 |
| 082 ## - DEWEY DECIMAL CLASSIFICATION NUMBER | |
| Classification number | 338.5 |
| 090 ## - LOCALLY ASSIGNED LC-TYPE CALL NUMBER (OCLC); LOCAL CALL NUMBER (RLIN) | |
| -- | 3625 |
| -- | 3625 |
| 100 ## - MAIN ENTRY--PERSONAL NAME | |
| Personal name | Varian,Hal R. |
| 245 ## - TITLE STATEMENT | |
| Title | Intermediate Microeconomics |
| Statement of responsibility, etc. | Hal R.Varian |
| 250 ## - EDITION STATEMENT | |
| Edition statement | 6th |
| 260 ## - PUBLICATION, DISTRIBUTION, ETC. | |
| Place of publication, distribution, etc. | Rawalpindi |
| Name of publisher, distributor, etc. | S.T.Printers |
| Date of publication, distribution, etc. | 2000 |
| 300 ## - PHYSICAL DESCRIPTION | |
| Extent | 688p |
| 500 ## - GENERAL NOTE | |
| General note | Hard cover |
| 942 ## - ADDED ENTRY ELEMENTS (KOHA) | |
| Institution code [OBSOLETE] | NBS |
| Koha item type | Book |
| Call number prefix | 338.5 VAR |
| Withdrawn status | Lost status | Damaged status | Not for loan | Permanent Location | Current Location | Date acquired | Total Checkouts | Full call number | Barcode | Date last seen | Date last checked out | Price effective from | Koha item type | Total Renewals |
|---|---|---|---|---|---|---|---|---|---|---|---|---|---|---|
| Damaged | Central Library (CL) | Central Library (CL) | 08/28/2013 | 1 | 338.5 VAR | NBSD-440 | 07/02/2015 | 07/02/2015 | 08/28/2013 | Book | ||||
| Central Library (CL) | Central Library (CL) | 08/28/2013 | 1 | 338.5 VAR | NBSD-438 | 08/15/2024 | 09/10/2022 | 08/28/2013 | Book | 1 | ||||
| NUST Law School (NLS) | NUST Law School (NLS) | 08/28/2013 | 3 | 338.5 VAR | NBSD-443 | 01/23/2020 | 10/10/2019 | 08/28/2013 | Book | 1 |
